00889cam a2200229 a 450000100100000000500170001000800410002702000150006803500260008304000250010908200180013424500880015226000770024030000280031750400420034565000520038765000380043991000340047704900090051195201220052099900170064200001244220200929163026.0001227s2000 pe a b 001 0 spa  a9972618560 a(PeLiEIC)it2001000064 aDO-SdBNPcDLCdBNPHU a370.71bD636r03aLa Docencia revalorada :bperspectivas y propuestas para el desarrollo magisterial. aLima, (Perú) :bTAREA Asociación de Publicaciones Educativas,c2000. a356 p. :bil. ;c24 cm. aIncluye referencias bibliográficas. 4aFormacion profesional de maestroszPeru.929151 4aCapacitacion docentezPeru929152 aCatalogación por copia / LC aBNGR 001052708MOaGRbGRcCTd2009-11-12iLF1l0o370.71 D636rp12442-10r2020-06-25w2020-06-25y2ZPréstamo interno c12099d12099